000 00597nam a2200253Ia 4500
005 20260123164112.0
008 008 260114s9999 xx 000 0 eng d
020 _a9789354434136
037 _aEBOOK
040 _aCRL
040 _beng
040 _cCRL
041 _2eng
041 _aeng
084 _qCRL
100 _aJAMES, K. L.
_91105929
245 4 _aTHE INTERNET : A USER - Second Edition
260 _bPHI
260 _c2010
856 _uhttps://elibrary.phindia.com/ebooks/reader/9789354434136du
942 _cEBOOK
999 _c1671052
_d1671052